भारतीयता का सामूहिक बलात्कार / (Record no. 36618)
[ view plain ]
| 000 -LEADER | |
|---|---|
| fixed length control field | 01070nam a22002297a 4500 |
| 005 - DATE AND TIME OF LATEST TRANSACTION | |
| control field | 20100608112655.0 |
| 008 - FIXED-LENGTH DATA ELEMENTS--GENERAL INFORMATION | |
| fixed length control field | 100608t xxu||||| |||| 00| 0 hin d |
| 010 ## - LCCN (DPL NO) | |
| LC control number | HIN-89505 |
| 020 ## - INTERNATIONAL STANDARD BOOK NUMBER | |
| Terms of availability | 300.00 |
| 035 ## - SYSTEM CONTROL NUMBER | |
| System control number | HN-61851 |
| 037 ## - SOURCE OF ACQUISITION | |
| Source of stock number/acquisition | DBAD / PUB |
| 040 ## - CATALOGING SOURCE | |
| Original cataloging agency | DPL |
| Language of cataloging | HN |
| 082 ## - DEWEY DECIMAL CLASSIFICATION NUMBER | |
| Classification number | 303.625 |
| 100 ## - MAIN ENTRY--PERSONAL NAME | |
| Personal name | राय, शिव शंकर |
| 9 (RLIN) | 23075 |
| 245 ## - TITLE STATEMENT | |
| Title | भारतीयता का सामूहिक बलात्कार / |
| Statement of responsibility, etc | शिव शंकर राय |
| 246 ## - VARYING FORM OF TITLE | |
| Title proper/short title | Bhartiyata ka samuhik balatkar/ |
| Remainder of title | by Shiv Shankar Rai |
| 260 ## - PUBLICATION, DISTRIBUTION, ETC. (IMPRINT) | |
| Place of publication, distribution, etc | पटना |
| Name of publisher, distributor, etc | बहादुर हाउसिंग |
| Date of publication, distribution, etc | व.अ. |
| 270 ## - ADDRESS | |
| Address | 6 एच/18 बहादुरपुर हाउसिंग कालोनी, भूतनाथ रोड |
| City | पटना |
| Postal code | 800026 |
| Telephone number | 0612 2366323 |
| 300 ## - PHYSICAL DESCRIPTION | |
| Extent | 190पृ |
| Dimensions | 22सेमी (सजिल्द) |
| 942 ## - ADDED ENTRY ELEMENTS (KOHA) | |
| Source of classification or shelving scheme | Dewey Decimal Classification |
| Item type | Hindi Books |
| Call number suffix | रायशं |
| Classification part | 303.625 |
| Withdrawn status | Lost status | Source of classification or shelving scheme | Damaged status | Not for loan | Collection code | Home library | Current library | Date acquired | Source of acquisition | Cost, normal purchase price | Total Checkouts | Full call number | Barcode | Date last seen | Copy number | Cost, replacement price | Koha item type |
|---|---|---|---|---|---|---|---|---|---|---|---|---|---|---|---|---|---|
| Dewey Decimal Classification | Not For Loan | Non-fiction | D.B.Act.Division | D.B.Act.Division | 08/06/2010 | DBAD / PUB | 300.00 | रायशं | HN-61851 | 08/06/2010 | 1 | 300.00 | Hindi Books |
